| 000 | 00532nam a22001697a 4500 | ||
|---|---|---|---|
| 003 | BD-DhUL | ||
| 005 | 20180903145733.0 | ||
| 008 | 180903s1988 ua ||||| |||| 00| 0 ara d | ||
| 040 |
_aBD-DhUL _cBD-DhUL |
||
| 082 |
_a892.71009 _bAHS |
||
| 100 | 1 | _aاحمد، محمد فتوح | |
| 245 | 1 |
_aشعر المتنبی : قراءۃ أخریٰ / _cمحمد فتوح احمد _b |
|
| 260 |
_aالقاهرة : _bدارالمعارف، _c۱۹۸۸۔ |
||
| 300 |
_aص۔ ۱۴۸ ؛ _c۲۴ سم۔ |
||
| 650 | 4 | _aArabic poetry | |
| 942 |
_2ddc _cBK |
||
| 999 |
_c243240 _d243240 |
||